000 00391nam a2200157Ia 4500
008 151213s9999 xx 000 0 und d
082 _a491.444203
_b491.444203
100 _aSamsad
245 _aBengali to English Dictionary
_cSamsad
260 _aKolkata
_bSahitya Samsad
_c2000
300 _a11310 p.
650 _aDictionary
650 _aReference
700 _aSamsad
999 _c4997
_d4997